Top 10 NBA Players By Division - Northwest - Statistics

General Stats
  • This quiz has been taken 45 times
  • The average score is 9 of 10
Answer Stats
# Answer % Correct
5 Jamal Murray
98%
1 Nikola Jokic
98%
2 Shai Gilgeous-Alexander
98%
3 Anthony Edwards
95%
4 Chet Holmgren
88%
9 Rudy Gobert
86%
10 Aaron Gordon
84%
6 Lauri Markkanen
79%
7 Jalen Williams
77%
8 Julius Randle
67%
No matching quizzes found
Score Distribution
Percent of People with Each Score
Percentile by Number Answered
Your Score History
You have not taken this quiz